| 000 | 01236nam a2200241Ii 4500 | ||
|---|---|---|---|
| 003 | JO-AjNU | ||
| 005 | 20240630134841.0 | ||
| 008 | 230605s9999||||xx |||||||||||||| ||und|| | ||
| 040 |
_aJO-AjNU _bara _erda _cJO-AjNU |
||
| 041 | _aara | ||
| 050 | 1 | 4 | _aBP173.755 2019 |
| 100 |
_aالزعبي، محمد عليان محمد _eمعد _965968 |
||
| 245 | 0 | 0 |
_aدور المصارف الإسلامية الإردنية في تحقيق تنمية قطاع التعليم الجامعي = The Role of the Jordanian Islamic Banks in Achieving the Development if the University Education Sector _c/ اعداد محمد عليان محمد الزعبي ؛ اشراف فخري ابو صفية |
| 264 | 3 | 1 | _a 2019 |
| 300 | _a86 ورقة | ||
| 336 |
_atext _btxt _2rdacontent |
||
| 337 |
_aunmediated _bn _2rdamedia |
||
| 338 |
_avolume _bnc _2rdacarrier |
||
| 500 | _aرسالة جامعية ( اطروحة ماجستير) جامعة عجلون الوطنية: كلية ادارة الاعمال ، المصارف الاسلامية، 2019، يشتمل على ملاحق | ||
| 650 | 4 |
_aالتعليم الجامعي-البنوك الاسلامية-الاردن _959325 |
|
| 700 |
_aفخري ابو صفية _eمشرف _965969 |
||
| 942 |
_2lcc _cTHS |
||
| 999 |
_c30258 _d30258 |
||